=LDR 00000nam 2200000 4500 =001 INLIS000000000013436 =005 20130612104829 =008 ***********************************Ind** =035 ##$$0010-061300000013436 =041 ##$$a Ind =082 ##$$a 159.4 =090 ##$$a 159.4, Fah c =100 ##$$a Fahrudin, Arif =245 ##$$a Cinta 24 Karat, Arif Fahrudin =260 ##$$a 2004 $b Yogyakarta =300 ##$$a 142 hlm, Ilus, 19 cm =650 ##$$a Cinta =850 ##$$a NBPNMAT